Juventus FC Squad 2021-2022 - Statistics

General Stats
  • This quiz has been taken 694 times
    603 since last reset
  • The average score is 22 of 29
Answer Stats
# Position Nation Player % Correct
3 DF Italy Giorgio Chiellini
95%
19 DF Italy Leonardo Bonucci
95%
10 FW Argentina Paulo Dybala
95%
7 FW Serbia Dušan Vlahović
93%
11 DF Colombia Juan Cuadrado
93%
9 FW Spain Álvaro Morata
92%
4 DF Netherlands Matthijs de Ligt
92%
12 DF Brazil Alex Sandro
90%
14 MF United States Weston McKennie
90%
6 DF Brazil Danilo Luiz
88%
8 MF Wales Aaron Ramsey
86%
25 MF France Adrien Rabiot
83%
- Coach Italy Massimiliano Allegri
83%
1 GK Poland Wojciech Szczęsny
83%
44 FW Sweden Dejan Kulusevski
81%
22 FW Italy Federico Chiesa
81%
36 GK Italy Mattia Perin
81%
30 MF Uruguay Rodrigo Bentancur
77%
5 MF Brazil Arthur Melo
74%
24 DF Italy Daniele Rugani
74%
28 MF Switzerland Denis Zakaria
73%
2 DF Italy Mattia De Sciglio
71%
18 FW Italy Moise Kean
68%
23 GK Italy Carlo Pinsoglio
64%
27 MF Italy Manuel Locatelli
61%
20 FW Italy Federico Bernardeschi
58%
21 FW Brazil Kaio Jorge
46%
17 DF Italy Luca Pellegrini
40%
38 FW France Marley Aké
34%
No matching quizzes found
Score Distribution
Percent of People with Each Score
Percentile by Number Answered
Your Score History
You have not taken this quiz since the last reset